Charithrathinte pathayil/ (Record no. 7150)

000 -LEADER
fixed length control field 00401nam a22001571a 4500
082 ## - DEWEY DECIMAL CLASSIFICATION NUMBER
Classification number M 907.202
Item number KKN/C
100 ## - MAIN ENTRY--AUTHOR NAME
Personal name K K N Kurup
245 ## - TITLE STATEMENT
Title Charithrathinte pathayil/
Statement of responsibility, etc by K K N Kurup
260 ## - PUBLICATION, DISTRIBUTION, ETC. (IMPRINT)
Place of publication Calicut:
Name of publisher Read Books,
Year of publication 1999.
300 ## - PHYSICAL DESCRIPTION
Number of Pages 120p.
650 ## - SUBJECT ADDED ENTRY--TOPICAL TERM
Topical Term Autobiography K K N Kurup
650 ## - SUBJECT ADDED ENTRY--TOPICAL TERM
Topical Term Biography K K N Kurup
650 ## - SUBJECT ADDED ENTRY--TOPICAL TERM
Topical Term Biography Historians
650 ## - SUBJECT ADDED ENTRY--TOPICAL TERM
Topical Term Biography
942 ## - ADDED ENTRY ELEMENTS (KOHA)
Koha item type Book
Holdings
Withdrawn status Lost status Damaged status Not for loan Permanent Location Current Location Date acquired Cost, normal purchase price Full call number Accession Number Cost, replacement price Price effective from Koha item type
        Sree Sankaracharya University of Sanskrit Sree Sankaracharya University of Sanskrit 08.01.2015 40.00 M 907.202 KKN/C 025241 0.00 08.01.2015 Book
        Sree Sankaracharya University of Sanskrit Sree Sankaracharya University of Sanskrit 08.01.2015 40.00 M 907.202 KKN/C 036745 0.00 08.01.2015 Book
        Sree Sankaracharya University of Sanskrit Sree Sankaracharya University of Sanskrit 08.01.2015 40.00 M 907.202 KKN/C 036744 0.00 08.01.2015 Book